Eco-friendly approach for wastewater treatment using agricultural waste / (رقم التسجيلة. 179961)
[ عرض عادي ]
| 000 -LEADER | |
|---|---|
| fixed length control field | 04371nam a22004337a 4500 |
| 003 - CONTROL NUMBER IDENTIFIER | |
| control field | EG-GICUC |
| 005 - أخر تعامل مع التسجيلة | |
| control field | 20260504140301.0 |
| 008 - FIXED-LENGTH DATA ELEMENTS--GENERAL INFORMATION | |
| fixed length control field | 260504s2025 ua a|||frm||| 000 0 eng d |
| 040 ## - CATALOGING SOURCE | |
| Original cataloguing agency | EG-GICUC |
| Language of cataloging | eng |
| Transcribing agency | EG-GICUC |
| Modifying agency | EG-GICUC |
| Description conventions | rda |
| 041 0# - LANGUAGE CODE | |
| Language code of text/sound track or separate title | eng |
| Language code of summary or abstract | eng |
| -- | ara |
| 049 ## - Acquisition Source | |
| Acquisition Source | Deposit |
| 082 04 - DEWEY DECIMAL CLASSIFICATION NUMBER | |
| Classification number | 628.3 |
| 092 ## - LOCALLY ASSIGNED DEWEY CALL NUMBER (OCLC) | |
| Classification number | 628.3 |
| Edition number | 21 |
| 097 ## - Degree | |
| Degree | M.Sc |
| 099 ## - LOCAL FREE-TEXT CALL NUMBER (OCLC) | |
| Local Call Number | Cai01.13.04.M.Sc.2025.Ma.E |
| 100 0# - MAIN ENTRY--PERSONAL NAME | |
| Authority record control number or standard number | Madiha Mohamed Ahmed Hatem, |
| Preparation | preparation. |
| 245 10 - TITLE STATEMENT | |
| Title | Eco-friendly approach for wastewater treatment using agricultural waste / |
| Statement of responsibility, etc. | by Madiha Mohamed Ahmed Hatem ; Supervisors Prof. Hanem Abd El Rahman Sibak, Prof. Dr. Mohamed S. Hasanin. |
| Remainder of title | Remainder of title / |
| 246 15 - VARYING FORM OF TITLE | |
| Title proper/short title | منهجية صديقة للبيئة لمعالجة مياه الصرف باستخدام المخلفات الزراعية |
| 264 #0 - PRODUCTION, PUBLICATION, DISTRIBUTION, MANUFACTURE, AND COPYRIGHT NOTICE | |
| Date of production, publication, distribution, manufacture, or copyright notice | 2025. |
| 300 ## - PHYSICAL DESCRIPTION | |
| Extent | 102 pages : |
| Other physical details | illustrations ; |
| Dimensions | 30 cm. + |
| Accompanying material | CD. |
| 336 ## - CONTENT TYPE | |
| Content type term | text |
| Source | rda content |
| 337 ## - MEDIA TYPE | |
| Media type term | Unmediated |
| Source | rdamedia |
| 338 ## - CARRIER TYPE | |
| Carrier type term | volume |
| Source | rdacarrier |
| 502 ## - DISSERTATION NOTE | |
| Dissertation note | Thesis (M.Sc)-Cairo University, 2025. |
| 504 ## - BIBLIOGRAPHY, ETC. NOTE | |
| Bibliography, etc. note | Bibliography: pages 90-102. |
| 520 #3 - SUMMARY, ETC. | |
| Summary, etc. | This study aims to utilize corn cob biomass for the production of sustainable adsorbent materials to treat dye-contaminated wastewater. Three adsorbents were prepared: activated carbon (AC), manganese oxide-loaded activated carbon (N MnO₂-AC), and copper oxide-loaded activated carbon (N CuO-AC). All three materials exhibited high efficiency, significant adsorption capacity, and excellent dye removal performance. Kinetic studies indicated that the adsorption process followed the pseudo-second-order model, while equilibrium data were well fitted to the Langmuir model. A case study using real industrial wastewater confirmed the practical effectiveness of the three adsorbents under realistic conditions. From an economic perspective, the alternative materials were compared with conventional commercial adsorbents, and the results revealed the superiority of the alternatives in terms of cost-effectiveness. Among them, activated carbon proved to be the least expensive and the most feasible option, highlighting its strong potential for large-scale, sustainable wastewater treatment applications. |
| 520 #3 - SUMMARY, ETC. | |
| Summary, etc. | تهدف هذه الدراسة إلى استخدام الكتلة الحيوية لكوالح الذرة في إنتاج مواد ماصة مستدامة لمعالجة مياه الصرف الملوثة بالأصباغ. تم تحضير ثلاث مواد ماصة: الكربون النشط (AC)، والكربون النشط المحمّل بأكسيد المنجنيز (N MnO₂-AC)، والكربون النشط المحمّل بأكسيد النحاس (N CuO-AC). أظهرت جميع المواد كفاءة عالية وسعة امتصاص مرتفعة ونسبة إزالة مميزة للأصباغ. اتبعت المواد في دراسات الحركية نموذج المرتبة الثانية الزائفة، بينما توافق الاتزان مع نموذج لانجمير. كما أظهرت دراسة حالة على مياه صرف صناعية حقيقية فعالية المواد الثلاث. من الناحية الاقتصادية، تمت مقارنة المواد البديلة بالمواد الصناعية التجارية، وأظهرت النتائج تفوق المواد البديلة من حيث الجدوى والتكلفة، حيث كان الكربون النشط الأقل سعراً والأكثر قابلية للتطبيق على نطاق واسع. |
| 530 ## - ADDITIONAL PHYSICAL FORM AVAILABLE NOTE | |
| Issues CD | Issues also as CD. |
| 546 ## - LANGUAGE NOTE | |
| Text Language | Text in English and abstract in Arabic & English. |
| 650 #0 - SUBJECT ADDED ENTRY--TOPICAL TERM | |
| Topical term or geographic name entry element | wastewater treatment |
| Source of heading or term | qrmak |
| 650 #0 - SUBJECT ADDED ENTRY--TOPICAL TERM | |
| Topical term or geographic name entry element | معالجة مياه الصرف الصحي |
| Source of heading or term | qrmak |
| 653 #1 - INDEX TERM--UNCONTROLLED | |
| Uncontrolled term | Adsorption |
| -- | biobased nanoadsorbents |
| -- | dye wastewater |
| -- | adsorption kinetics |
| -- | adsorption isotherm |
| -- | الامتزاز |
| -- | المواد الماصة النانوية ذات الأساس الحيوي |
| 700 0# - ADDED ENTRY--PERSONAL NAME | |
| Personal name | Hanem Abd El Rahman Sibak |
| Relator term | thesis advisor. |
| 700 0# - ADDED ENTRY--PERSONAL NAME | |
| Personal name | Mohamed S. Hasanin. |
| Relator term | thesis advisor. |
| 900 ## - Thesis Information | |
| Grant date | 01-01-2025 |
| Supervisory body | Hanem Abd El Rahman Sibak |
| -- | Mohamed S. Hasanin |
| Discussion body | Nabil Mahmoud Abdel-monem |
| -- | Shereen Mohamed Smair Abdel-Hamid |
| Universities | Cairo University |
| Faculties | Faculty of Engineering |
| Department | Department of Chemical |
| 905 ## - Cataloger and Reviser Names | |
| Cataloger Name | Shimaa |
| 942 ## - ADDED ENTRY ELEMENTS (KOHA) | |
| Source of classification or shelving scheme | Dewey Decimal Classification |
| Koha item type | Thesis |
| Edition | 21 |
| Suppress in OPAC | No |
| Source of classification or shelving scheme | Home library | Current library | Date acquired | Inventory number | Full call number | Barcode | Date last seen | Effective from | Koha item type |
|---|---|---|---|---|---|---|---|---|---|
| Dewey Decimal Classification | المكتبة المركزبة الجديدة - جامعة القاهرة | قاعة الرسائل الجامعية - الدور الاول | 04.05.2026 | 93970 | Cai01.13.04.M.Sc.2025.Ma.E | 01010110093970000 | 04.05.2026 | 04.05.2026 | Thesis |